LEADER 01101nam0-22003611i-450- 001 990003132000403321 010 $a0-415-02005-0 035 $a000313200 035 $aFED01000313200 035 $a(Aleph)000313200FED01 035 $a000313200 100 $a20000920d1990----km-y0itay50------ba 101 0 $aita 102 $aIT 200 1 $aMilton Friedman$eCritical Assessments$fedited by John Cunningham Wood and Ronald N. Woods. 210 $aLondon$aNew York$cRoutledge$d1990. 215 $a4 v. (XXV, 523 p., 483 p., 561 p., 411 p.)$d24 cm 225 1 $aCritical Assessments of Contemporary Economists 300 $a[in contenitore] 676 $aD/8.16 702 1$aFriedman,$bMilton$f<1912-2006> 702 1$aWood,$bJohn Cunningham 801 0$aIT$bUNINA$gRICA$2UNIMARC 901 $aBK 912 $a990003132000403321 952 $aD/8.16 FRI/N.A.$b9838$fSES 952 $aD/8.16 FRI/N.A.$b9839$fSES 952 $aD/8.16 FRI/N.A.$b9840$fSES 952 $aD/8.16 FRI/N.A.$b9841$fSES 959 $aSES 996 $aMilton Friedman$9456767 997 $aUNINA DB $aING01